Neučiace sa Slovensko
Informácie o publikačnej činnosti docentov a profesorov ekonómie pôsobiacich na slovenských univerzitách a výskumných ústavoch SAV. Odborné publikácie najmä v slovenských a českých časopisoch. Kvalita a úroveň príspevkov v časopisoch s nízkym impakt faktorom. Kvalita podľa medzinárodne uznávaného Ar...
Salvato in:
| Autore principale: | |
|---|---|
| Altri autori: | , |
| Natura: | Capitolo di libro |
| Lingua: | slovacco |
| Soggetti: | |
| Tags: |
Nessun Tag, puoi essere il primo ad aggiungerne!!
|
MARC
| LEADER | 00000naa a2200000 4500 | ||
|---|---|---|---|
| 001 | 0230025 | ||
| 005 | 20221104112705.7 | ||
| 041 | 0 | |a slo | |
| 044 | |a SK | ||
| 245 | 1 | 0 | |a Neučiace sa Slovensko |c Pavel Ciaian, Ján Pokrivčák, Drahoslav Lančarič |
| 520 | |a Informácie o publikačnej činnosti docentov a profesorov ekonómie pôsobiacich na slovenských univerzitách a výskumných ústavoch SAV. Odborné publikácie najmä v slovenských a českých časopisoch. Kvalita a úroveň príspevkov v časopisoch s nízkym impakt faktorom. Kvalita podľa medzinárodne uznávaného Article influence score (AIS). Ranking ekonomických fakúlt, katedier a ústavov SAV podľa publikačnej činnosti pedagógov. | ||
| 610 | 2 | 0 | |a školy vysoké |
| 610 | 2 | 0 | |a univerzity |
| 610 | 2 | 0 | |a fakulty |
| 610 | 2 | 0 | |a ústavy výskumné |
| 610 | 2 | 0 | |a ekonómia |
| 610 | 2 | 0 | |a učitelia |
| 610 | 2 | 0 | |a činnosť publikačná |
| 610 | 2 | 0 | |a časopisy |
| 610 | 2 | 0 | |a kvalita |
| 610 | 2 | 0 | |a Slovensko |
| 100 | 1 | |a Ciaian, Pavel | |
| 700 | 1 | |a Pokrivčák, Ján | |
| 700 | 1 | |a Lančarič, Drahoslav | |